| 000 | 00759nam a22001937a 4500 | ||
|---|---|---|---|
| 005 | 20180704102838.0 | ||
| 010 | _a1718EN-30 B-687540-553 | ||
| 020 |
_a9788129145598 _c295.00 |
||
| 035 | _aB-687540-553 | ||
| 037 |
_bUppal Books _adpl |
||
| 082 | _a954.0533 | ||
| 100 | _aChidambaram, P. | ||
| 245 |
_aFearless in opposition : _cby P. Chidambaram _bpower and accountability / |
||
| 260 |
_aNew Delhi _bRupa Pub. _c2017 |
||
| 270 |
_a7/16, Ansari Road, Daryaganj, _bNew Delhi _e110002 |
||
| 300 |
_axv,232p. _c21cm(pbk) |
||
| 942 |
_2ddc _cEN _mCHI _h954.0533 |
||
| 999 |
_c144815 _d144815 |
||